000 00260nam a2200121Ia 4500
100 _aParthasarathy K.R.
942 _cBK
654 _aBasic
245 _aBasic Graph Theory
260 _bTata Mc Graw hill
_aNew Delhi
_c1994
546 _aENGLISH
999 _c26926
_d26926